000 01125nam a22002657a 4500
001 000203104
003 AM-YeHGA
005 20250617124009.0
008 950417s1989 ru ||||| |||| 00| 0 rus d
020 _a5020287970
040 _aAM-YeHGA
041 0 _arus
100 1 _aМедведев, Владимир Яковлевич
245 1 0 _aФлюидный режим нефритообразования /
_cВ.Я. Медведев, Л.А. Иванова ; Отв. ред. В.Л. Таусон; АН СССР, Сиб. отд-ние, Ин-т земной коры.
260 0 _aНовосибирск :
_bНаука. Сиб. отд-ние,
_c1989.
300 _a127,[2] с. :
_bил. ;
_c22 см.
500 _aБиблиогр.: с. 124-128
650 1 4 _aНефрит (минералог.) - Месторождения - Происхождение
650 1 4 _aФлюиды (геол.)
700 1 _aИванова, Лариса Александровна
700 1 _aТаусон, В.Л.
_4edt
_eред.
710 2 _aИн-т земной коры СО АН СССР
942 _2udc
_cBK
090 _c71499
999 _c70303
_d70303